<?xml version="1.0" encoding="UTF-8"?>
<record
    xmlns:xsi="http://www.w3.org/2001/XMLSchema-instance"
    xsi:schemaLocation="http://www.loc.gov/MARC21/slim http://www.loc.gov/standards/marcxml/schema/MARC21slim.xsd"
    xmlns="http://www.loc.gov/MARC21/slim">

  <leader>01684cam a2200361 a 4500</leader>
  <controlfield tag="001">he 68000287 </controlfield>
  <controlfield tag="003">DLC</controlfield>
  <controlfield tag="005">20260227111453.0</controlfield>
  <controlfield tag="008">900130m19679999is            000 0 heb  </controlfield>
  <datafield tag="010" ind1=" " ind2=" ">
    <subfield code="a">he 68000287 </subfield>
  </datafield>
  <datafield tag="035" ind1=" " ind2=" ">
    <subfield code="a">(CStRLIN)DCLH90-B367</subfield>
  </datafield>
  <datafield tag="040" ind1=" " ind2=" ">
    <subfield code="a">DLC</subfield>
    <subfield code="c">DLC</subfield>
    <subfield code="d">DLC-R</subfield>
    <subfield code="d">DLC</subfield>
  </datafield>
  <datafield tag="050" ind1="0" ind2="0">
    <subfield code="a">BM522.21</subfield>
    <subfield code="b">.R6 1967</subfield>
  </datafield>
  <datafield tag="066" ind1=" " ind2=" ">
    <subfield code="c">(2</subfield>
  </datafield>
  <datafield tag="100" ind1="1" ind2=" ">
    <subfield code="6">880-01</subfield>
    <subfield code="a">Aharonson, Yehoshu&#x2BB;a Mosheh ben Mikha&#x2BC;el Eliyahu.</subfield>
  </datafield>
  <datafield tag="240" ind1="1" ind2="0">
    <subfield code="6">880-02</subfield>
    <subfield code="a">Yeshu&#x2BB;at Mosheh (She&#x2BC;elot u-teshuvot)</subfield>
  </datafield>
  <datafield tag="245" ind1="1" ind2="0">
    <subfield code="6">880-03</subfield>
    <subfield code="a">Sefer Yeshu&#x2BB;at Mosheh :</subfield>
    <subfield code="b">kolel she&#x2BC;elot u-teshuvot, &#x1E25;i&#x1E33;re u-verure halakhot /</subfield>
    <subfield code="c">Yehoshu&#x2BB;a Mosheh ben Mikha&#x2BC;el Eliyahu Aharonson.</subfield>
  </datafield>
  <datafield tag="260" ind1=" " ind2=" ">
    <subfield code="6">880-04</subfield>
    <subfield code="a">Peta&#x1E25;-Ti&#x1E33;&#x1E7F;ah :</subfield>
    <subfield code="b">Y.M. ben M.E. Ahronson,</subfield>
    <subfield code="c">1967-&lt;[1983 or 1984   ]&gt;</subfield>
  </datafield>
  <datafield tag="300" ind1=" " ind2=" ">
    <subfield code="a">&lt;v. 1-4; in 3   &gt; ;</subfield>
    <subfield code="c">25 cm.</subfield>
  </datafield>
  <datafield tag="500" ind1=" " ind2=" ">
    <subfield code="a">Spine title: Shut Yeshu&#x2BB;at Mosheh.</subfield>
  </datafield>
  <datafield tag="500" ind1=" " ind2=" ">
    <subfield code="a">Vols. 3-4 have publication date: 5744.</subfield>
  </datafield>
  <datafield tag="650" ind1=" " ind2="0">
    <subfield code="a">Responsa</subfield>
    <subfield code="y">1948-</subfield>
  </datafield>
  <datafield tag="740" ind1="0" ind2=" ">
    <subfield code="6">880-05</subfield>
    <subfield code="a">Yeshu&#x2BB;at Mosheh.</subfield>
  </datafield>
  <datafield tag="740" ind1="0" ind2=" ">
    <subfield code="6">880-06</subfield>
    <subfield code="a">Shut Yeshu&#x2BB;at Mosheh.</subfield>
  </datafield>
  <datafield tag="740" ind1="0" ind2=" ">
    <subfield code="6">880-07</subfield>
    <subfield code="a">She&#x2BC;elot u-teshuvot Yeshu&#x2BB;at Mosheh.</subfield>
  </datafield>
  <datafield tag="880" ind1="1" ind2=" ">
    <subfield code="6">100-01/(2/r</subfield>
    <subfield code="a">&#x5D0;&#x5D4;&#x5E8;&#x5E0;&#x5E1;&#x5D5;&#x5DF;, &#x5D9;&#x5D4;&#x5D5;&#x5E9;&#x5E2; &#x5DE;&#x5E9;&#x5D4; &#x5D1;&#x5DF; &#x5DE;&#x5D9;&#x5DB;&#x5D0;&#x5DC; &#x5D0;&#x5DC;&#x5D9;&#x5D4;&#x5D5;.</subfield>
  </datafield>
  <datafield tag="880" ind1="1" ind2="0">
    <subfield code="6">240-02/(2/r</subfield>
    <subfield code="a">&#x5D9;&#x5E9;&#x5D5;&#x5E2;&#x5EA; &#x5DE;&#x5E9;&#x5D4;</subfield>
  </datafield>
  <datafield tag="880" ind1="1" ind2="0">
    <subfield code="6">245-03/(2/r</subfield>
    <subfield code="a">&#x5E1;&#x5E4;&#x5E8; &#x5D9;&#x5E9;&#x5D5;&#x5E2;&#x5EA; &#x5DE;&#x5E9;&#x5D4; :</subfield>
    <subfield code="b">&#x5DB;&#x5D5;&#x5DC;&#x5DC; &#x5E9;&#x5D0;&#x5DC;&#x5D5;&#x5EA; &#x5D5;&#x5EA;&#x5E9;&#x5D5;&#x5D1;&#x5D5;&#x5EA;, &#x5D7;&#x5E7;&#x5E8;&#x5D9; &#x5D5;&#x5D1;&#x5E8;&#x5D5;&#x5E8;&#x5D9; &#x5D4;&#x5DC;&#x5DB;&#x5D5;&#x5EA; /</subfield>
    <subfield code="c">&#x5D9;&#x5D4;&#x5D5;&#x5E9;&#x5E2; &#x5DE;&#x5E9;&#x5D4; &#x5D1;&#x5DF; &#x5DE;&#x5D9;&#x5DB;&#x5D0;&#x5DC; &#x5D0;&#x5DC;&#x5D9;&#x5D4;&#x5D5; &#x5D0;&#x5D4;&#x5E8;&#x5E0;&#x5E1;&#x5D5;&#x5DF;.</subfield>
  </datafield>
  <datafield tag="880" ind1=" " ind2=" ">
    <subfield code="6">260-04/(2/r</subfield>
    <subfield code="a">&#x5E4;&#x5EA;&#x5D7;&#x5BE;&#x5EA;&#x5E7;&#x5D5;&#x5D4; :</subfield>
    <subfield code="b">&#x5D9;.&#x5DE;. &#x5D1;&#x5DF; &#x5DE;.&#x5D0;. &#x5D0;&#x5D4;&#x5E8;&#x5E0;&#x5E1;&#x5D5;&#x5DF;,</subfield>
    <subfield code="c">1967-&lt;[1983 or 1984   ]&gt;.</subfield>
  </datafield>
  <datafield tag="880" ind1="0" ind2=" ">
    <subfield code="6">740-05/(2/r</subfield>
    <subfield code="a">&#x5D9;&#x5E9;&#x5D5;&#x5E2;&#x5EA; &#x5DE;&#x5E9;&#x5D4;.</subfield>
  </datafield>
  <datafield tag="880" ind1="0" ind2=" ">
    <subfield code="6">740-06/(2/r</subfield>
    <subfield code="a">&#x5E9;&#x5D5;&#x5F4;&#x5EA; &#x5D9;&#x5E9;&#x5D5;&#x5E2;&#x5EA; &#x5DE;&#x5E9;&#x5D4;.</subfield>
  </datafield>
  <datafield tag="880" ind1="0" ind2=" ">
    <subfield code="6">740-07/(2/r</subfield>
    <subfield code="a">&#x5E9;&#x5D0;&#x5DC;&#x5D5;&#x5EA; &#x5D5;&#x5EA;&#x5E9;&#x5D5;&#x5D1;&#x5D5;&#x5EA; &#x5D9;&#x5E9;&#x5D5;&#x5E2;&#x5EA; &#x5DE;&#x5E9;&#x5D4;.</subfield>
  </datafield>
  <datafield tag="999" ind1=" " ind2=" ">
    <subfield code="c">32875</subfield>
    <subfield code="d">32875</subfield>
  </datafield>
</record>
